00484nam a2200193 a 4500001001300000003000900013005001700022008004100039020001000080082001600090100002900106245001700135260003200152300000800184500003500192505001000227650002400237700002900261nice12345678IN_TiNIC20260116011537.0050524s1934 lona grp 000 0 per  ac10000a891.51bTUS aTusi, Khwaja Naseeruddin aDiwan-E-Tusi aLondon bNo Publisherc1934 a63p aincludes index and biblioraphy2 aIndex aPersian Poetry-Tusi1 aTusi, Khwaja Naseeruddin